| 000 | 00320 a2200121 4500 | ||
|---|---|---|---|
| 001 | 92364 | ||
| 082 | _aPR 2577 | ||
| 090 |
_c44333 _d44334 |
||
| 100 | _aFaraz Alam | ||
| 245 |
_aConceptual Design For a Human Powered Helicopter as per International Rep _n79'A' EC |
||
| 260 |
_aIslamabad _bNUST _c2015 |
||
| 300 | _aix,61p. | ||
| 942 |
_aCAE NUST _kPR 2577 |
||
| 999 |
_c327437 _d327437 |
||